[Event "AUTO-INT-2962"]
[Site "http://www.queenalice.com/game.php?id=1343239"]
[Date "2015.2.22"]
[Round "1"]
[White "zmanomega"]
[Black "xavimg"]
[Result "1-0"]
[WhiteElo "1584"]
[BlackElo "1611"]

1. e4 e5 2. Nf3 Nc6 3. c3 Nf6 4. d3 d6 5. Bg5 Be7 6. h3 O-O 7. Be2 Be6 8. h4 h6
9. Bxf6 Bxf6 10. h5 d5 11. exd5 Bxd5 12. g3 Qe7 13. g4 Rfd8 14. Nbd2 Bg5 15. Qa4
Bxd2+ 16. Kxd2 e4 17. dxe4 Bxe4+ 18. Kc1 Bxf3 19. Bxf3 Qg5+ 20. Kb1 Ne5 21. Be2
Qd2 22. Qd1 Rd6 23. Qxd2 Rxd2 24. Re1 Rad8 25. a3 Nd3 26. Bxd3 R8xd3 27. Ka2
Rxf2 28. Rad1 Rxc3 29. Rc1 1-0

[Event "AUTO-INT-2962"]
[Site "http://www.queenalice.com/game.php?id=1343240"]
[Date "2015.2.22"]
[Round "1"]
[White "xavimg"]
[Black "zmanomega"]
[Result "0-1"]
[WhiteElo "1682"]
[BlackElo "1563"]

1. e4 Nf6 2. e5 Nd5 3. d4 e6 4. Nf3 h6 5. c4 Nb4 6. a3 N4a6 7. b4 c6 8. Bd3 f5
9. g3 d5 10. Nh4 Kd7 11. cxd5 cxd5 12. Bb5+ Nc6 13. Ng6 Bxb4+ 14. axb4 Rg8 15.
Nc3 Nxb4 16. Rb1 Na6 17. Na4 b6 18. Qc2 Bb7 19. O-O Qc7 0-1

[Event "AUTO-INT-2962"]
[Site "http://www.queenalice.com/game.php?id=1343259"]
[Date "2015.2.22"]
[Round "1"]
[White "xavimg"]
[Black "metalchurch"]
[Result "0-1"]
[WhiteElo "1558"]
[BlackElo "1492"]

1. e4 e5 2. Nf3 d6 3. Nc3 Nc6 4. Bc4 f6 5. d3 Nge7 6. Nh4 g6 7. Nf5 h5 8. Ne3
Nd4 9. Ncd5 Nxd5 10. Nxd5 c6 0-1

[Event "AUTO-INT-2962"]
[Site "http://www.queenalice.com/game.php?id=1343260"]
[Date "2015.2.22"]
[Round "1"]
[White "metalchurch"]
[Black "xavimg"]
[Result "1-0"]
[WhiteElo "1472"]
[BlackElo "1578"]

1. e4 e5 2. Nf3 Nc6 3. d3 Nf6 4. Nc3 Bc5 5. Qe2 d6 6. Bg5 h6 7. Bxf6 Qxf6 8.
O-O-O Bg4 9. Nd5 Qd8 10. h3 Nd4 11. Qd2 Nxf3 12. Qa5 b6 13. Qa6 1-0

[Event "AUTO-INT-2963"]
[Site "http://www.queenalice.com/game.php?id=1343707"]
[Date "2015.2.24"]
[Round "1"]
[White "xavimg"]
[Black "Mariojose"]
[Result "0-1"]
[WhiteElo "1476"]
[BlackElo "1579"]

1. e4 e5 2. Nf3 Nc6 3. Bc4 Na5 4. Bxf7+ Kxf7 5. Nxe5+ Ke8 6. Qh5+ g6 7. Nxg6
hxg6 8. Qxh8 Nc6 9. Qxg8 Ne7 10. Qh8 d6 11. d3 Be6 12. Bh6 Kd7 13. Qxf8 Qxf8 14.
Bxf8 Rxf8 15. O-O Kc8 16. Nc3 a6 17. Rfe1 b6 18. f3 Nc6 19. Rac1 Kb7 0-1

[Event "AUTO-INT-2963"]
[Site "http://www.queenalice.com/game.php?id=1343708"]
[Date "2015.2.24"]
[Round "1"]
[White "Mariojose"]
[Black "xavimg"]
[Result "1-0"]
[WhiteElo "1480"]
[BlackElo "1493"]

1. e4 e5 2. Nf3 Nc6 3. Bb5 d6 4. h3 g6 5. d3 Bg7 6. Bg5 Nf6 7. Nc3 h6 8. Bxf6
Bxf6 9. Nd5 Bg7 10. O-O O-O 11. a3 Na5 12. Rc1 c6 13. b4 cxb5 14. bxa5 Qxa5 15.
Ra1 1-0

[Event "Torneig Castellar Vidrio"]
[Site "http://www.queenalice.com/game.php?id=1457531"]
[Date "2017.1.1"]
[Round "-"]
[White "tomatito2"]
[Black "xavimg"]
[Result "0-1"]
[WhiteElo "1788"]
[BlackElo "1530"]

1. e4 e5 2. Nf3 Nc6 3. Bc4 Nf6 4. Nc3 Bc5 5. Bxf7+ Kxf7 6. Ng5+ Kg8 7. d3 h6 8.
Nf3 d5 9. exd5 Nxd5 10. O-O Bg4 11. Nxd5 Nd4 12. Ne3 Nxf3+ 13. gxf3 Bh3 14. Ng2
Qf6 15. f4 Qc6 16. Nh4 Bxf1 17. Qxf1 g5 18. fxg5 Rf8 19. Qh3 Bxf2+ 20. Kf1 Bxh4+
21. Ke2 Rf2+ 22. Ke3 Qc5+ 23. Ke4 Qd4# 0-1

[Event "Torneo castellar vidrio"]
[Site "http://www.queenalice.com/game.php?id=1457631"]
[Date "2017.1.3"]
[Round "-"]
[White "doriam2203"]
[Black "xavimg"]
[Result "0-1"]
[WhiteElo "1710"]
[BlackElo "1506"]

1. e4 e5 2. Nc3 Nf6 3. d3 Bc5 4. Nf3 Nc6 5. a3 a5 6. Bd2 b6 7. Be2 d5 8. O-O
dxe4 9. Nxe4 Nxe4 10. dxe4 O-O 11. h3 Qf6 12. Bg5 Qg6 13. Qd5 h6 14. Nh4 Qxg5
15. Nf5 Nd4 16. Nxd4 Bxh3 17. g3 Bxf1 0-1